Mobilné pracoviská ako zdroj úspor

Mobilné pracoviská umožňujú zvýšenie efektivity vynakladaných finančných prostriedkov, zvýšenie produktivity práce pracovníkov v teréne, zvýšenie spokojnosti zákazníkov skvalitnením služieb, ale aj požiadavka na redukciu zbytočného papierovania a telefonovania. Náklady na pracovníkov v teréne sú pod...

ver descrição completa

Na minha lista:
Detalhes bibliográficos
Autor principal: Vranský, Roman
Formato: Capítulo de Livro
Idioma:eslovaco
Assuntos:
Tags: Adicionar Tag
Sem tags, seja o primeiro a adicionar uma tag!

MARC

LEADER 00000naa$a2200000$$$4500
001 0059789
005 20230929122143.1
041 0 |a slo 
044 |a SK 
245 1 0 |a Mobilné pracoviská ako zdroj úspor  |c Roman Vranský 
520 |a Mobilné pracoviská umožňujú zvýšenie efektivity vynakladaných finančných prostriedkov, zvýšenie produktivity práce pracovníkov v teréne, zvýšenie spokojnosti zákazníkov skvalitnením služieb, ale aj požiadavka na redukciu zbytočného papierovania a telefonovania. Náklady na pracovníkov v teréne sú podstatnou časťou nákladov údržby a sú kľúčom k efektívnemu využívaniu aktív v geograficky rozľahlých oblastiach. 
610 2 0 |a pracovisko 
610 2 0 |a úspory finančné 
610 2 0 |a efektívnosť 
610 2 0 |a produktivita práce 
610 2 0 |a kapitál ľudský 
100 1 |a Vranský, Roman